| 000 | 00845nam a2200217 i 4500 | ||
|---|---|---|---|
| 001 | 40039 | ||
| 003 | ES-MaACL | ||
| 005 | 20251120142802.0 | ||
| 007 | t| | ||
| 008 | 030305m18821883sp ||||1| spa d | ||
| 080 | _a398.2(460)(082.2) | ||
| 245 | 0 | 0 |
_aCantos populares españoles / _crecogidos, ordenados e ilustrados por Francisco Rodríguez Marín. |
| 260 |
_aSevilla : _bFrancisco Álvarez y Cª, _c1882-1883. |
||
| 300 |
_a5 v. (XXIV, 470 ; 524 ; 510 ; 540 ; 238 p.) ; _c19 cm. |
||
| 530 | _aDisponible en formato digital. | ||
| 650 | 4 |
_aCanciones populares- _zEspaña. _910733 |
|
| 700 | 1 |
_aRodríguez Marín, Francisco, _d1855-1943 _998634 |
|
| 852 |
_aES-MaACL _jF-10767-71 |
||
| 856 | 4 |
_uhttps://bibliotecadigital.jcyl.es/es/consulta/registro.do?id=17015 _zBiblioteca Digital de Castilla y León |
|
| 999 |
_c40039 _d40039 |
||